02894nam0a2200349 4500001002400000005001700024035002600041100004100067101000800108102000700116105001800123181001500141182000600156200067100162203007500833210005100908215001600959300024200975300002701217601020001244601015001444686001801594686002101612702013101633702011001764702013001874702014702004711014102151711010802292712011902400852002502519RU\NLR\BIBL_A\01268074720260407113701.0 a(NLR Aleph) 012680747 a20210916d1904 |||y0rusy50 ca0 arus aRU ay z 000yy 0ai baxxe  0an1 aО кредите на расширение, ремонт и оборудование лаборатории общей патологии при Императорском университете Св. Владимираeпредставление Министра Народного Просвещения от 30 октября 1903 г., за № 33728, при сем прилагается в печатном экземпляреfГосударственный Совет в Департаменте Государственной Экономии. Министерство Народного Просвещения. 8 января 1904 года. № 1 aТекстbвизуальныйcнепосредственный a[Санкт-Петербургcб. и.]d1904 a[1] с.d34 aВ конце текста: Подписали: Ф. Тернер, А. Куломзин, С. Марков 2 [и др.]; Скрепил: Исправляющий должность Статс-Секретаря Н. Покровский aНа 1-й с.: XXXIX02aУниверситет св. ВладимираbЛаборатория общей патологииcКиев, город; УкраинаxФинансирование3RU\NLR\AUTH\660170737501aРоссияbМинистерство народного просвещенияjДокументы и материалы3RU\NLR\AUTH\6614541783 aЧ34(28)к2113 aЧ488.914.923к7 147207ca8rusaТернерbФ. Г.cгос. деятельf1828-1906gФедор Густавович3RU\NLR\AUTH\770156969 14720aКуломзинbА. Н.f1838-1923gАнатолий Николаевич3RU\NLR\AUTH\770169529 14720aМарковbС. В.cгос. деятельf1828-1907gСергей Владимирович3RU\NLR\AUTH\770197621 147207ca8rusaПокровскийbН. Н.cгос. деятельf1865-1930gНиколай Николаевич3RU\NLR\AUTH\77015380102aУниверситет св. ВладимираbЛаборатория общей патологииcКиев3RU\NLR\AUTH\88056681701aРоссияbМинистерство народного просвещения3RU\NLR\AUTH\889944176014570aРоссияbДепартамент государственной экономии3RU\NLR\AUTH\889933514 aNLRj135/294-365 (1)